Normal view MARC view
  • Educación

Entry Materia

Number of records used in: 1

001 - NÚMERO DE CONTROL DEL REGISTRO

  • campo de control: 14765

003 - IDENTIFICADOR DE NUMERO DE CONTROL

  • campo de control: MX-MxUPN

005 - FECHA Y HORA DE LA ÚLTIMA TRANSACCIÓN

  • campo de control: 20241007162952.0

008 - DATOS DE LONGITUD FIJA

  • campo de control de longitud fija: 241007n||acnnnbabn | a|a |d

035 ## - NÚMERO DE CONTROL DEL SISTEMA

  • Número de control del sistema: UPN10000014773

040 ## - FUENTE DE LA CATALOGACIÓN

  • Lengua de catalogación: spa
  • Agencia de transcripción: MX-MxUPN
  • Centro catalogador de origen: MX-MxUPN

150 ## - ENCABEZAMIENTO - TEMÁTICO

  • Término de materia o nombre geográfico como elemento inicial: Educación
  • Subdivisión de materia general: Aspectos sociales
  • Subdivisión geográfica: San Miguel, Chile

670 ## - FUENTE EN LA QUE SE LOCALIZARON DATOS

  • Cita de la fuente: T
  • Identificador Uniforme del Recurso: http://es.wikipedia.org/wiki/San_Miguel_(Chile)

670 ## - FUENTE EN LA QUE SE LOCALIZARON DATOS

  • Cita de la fuente: LC
  • Información localizada: Education - Social aspects - Chile

670 ## - FUENTE EN LA QUE SE LOCALIZARON DATOS

  • Cita de la fuente: Autoridades BGTQ, 07 octubre 2024 :
  • Información localizada: (Educación -- Aspectos sociales -- San Miguel, Chile)

902 ## - CATALOGADOR

  • Catalogador: MMA/130996
  • Catalogador: MaríaRobles/071024